| 000 | 00758nam a22002057a 4500 | ||
|---|---|---|---|
| 999 |
_c12466 _d12466 |
||
| 003 | AR-CdUCM | ||
| 008 | 190409b ||||| |||| 00| 0 spa d | ||
| 040 |
_aMUNICIPALIDAD PROVINCIAL DEL CUSCO _cBIBLIOTECA MUNICIPAL DEL CUSCO |
||
| 082 |
_a366.1 / _bM194 / 1946 _23ed. |
||
| 100 |
_aMagister _930320 |
||
| 245 | _aManual del compañero / | ||
| 260 |
_aBuenos Aires : _bKier, _c1946. |
||
| 300 |
_a254 páginas ; _bIlustraciones, _c20 cm. |
||
| 500 | _aLibro en mal estado. | ||
| 505 | _aContenido: Desarrollo histórico de la masonería moderna -- La "gran logia" de Londres -- Primeros dirigentes -- La "constitución" de Anderson ... | ||
| 650 |
_aAsociaciones _92848 |
||
| 650 |
_aMasonería _918507 |
||
| 942 |
_2ddc _cLIBROS |
||
| 945 |
_acmm _d2019-04-09 |
||